Normal view
MARC view
Entry Personal Name
001 - CONTROL NUMBER
- control field: 51170
003 - CONTROL NUMBER IDENTIFIER
- control field: ARRUPE
005 - DATE AND TIME OF LATEST TRANSACTION
- control field: 20220405084405.0
008 - FIXED-LENGTH DATA ELEMENTS
- fixed length control field: 220405|| aca||aabn | a|a d
040 ## - CATALOGING SOURCE
- Original cataloging agency: ARRUPE
- Transcribing agency: ARRUPE
100 ## - HEADING--PERSONAL NAME
- Personal name: Stewart, Ian,
- Dates associated with a name: 1945-
670 ## - SOURCE DATA FOUND
- Source citation: Work cat.: (ARRUPE)131231: Cohen, Jack. 51169, The collapse of chaos :, 1994.